000 00484nam a22001577a 4500
005 20251108171854.0
008 250721s1993 xx 000 0 ara d
082 1 4 _a621.384/رشد
100 1 _aالحديدي، رشدي
245 1 0 _aفن الراديو الترانزستور :
_bكتاب شامل عن هندسة الراديو /
264 1 _aبيروت :
_bدار العودة،
_c1993.
300 _a503ص
650 1 7 _aالراديو
942 _2ddc
_cBK
999 _c64789
_d64789